000 00426nam a2200145Ia 4500
001 12921
003 GE_BSU
008 181216s||||||||xx |||||||||||||| ||und||
040 _cGE_BSU
100 _aМинкевич,И.А.; Борковский,В.Е.
245 _aМасличные культуры
245 _cРед.В.Г.Дымнин.Худ.Л.С.Эрман
653 _aМасличные культуры
942 _cBK
999 _c46091
_d46091